000 00467nam a2200181Ia 4500
001 3580
005 20260306145654.0
008 260306t2016||||xx |||||||||||||| ||spa||
041 _aESP
082 _a291.1
_bP23 T. 6 V. 1
100 _aPanikkar, Raimon
_eAUT
245 0 _aCulturas y religiones en diálogo:
_bpluralismo e interculturalidad
260 _c2016
300 _a458 páginas :
_c25 cm.
650 _aGEN
654 _aCHU
942 _cLIB
_dJUS
_fJUS
_2ddc
_n
999 _c3580
_d3580